| 000 | 00838cam a2200229 4500 | ||
|---|---|---|---|
| 001 | WB4037-01 | ||
| 008 | 040928n2004 000 0 eng u | ||
| 035 | _a(Sirsi) u127538 | ||
| 245 | _aLeague tables of contractors | ||
| 260 | _c2004 | ||
| 490 |
_aBuilding _v269(8350) 24 September 2004, 22(1) |
||
| 520 | _aIn August 2004, Bovis Lend Lease was the star contractor in the annual contractor charts after its appointment as main contractor on the delayed hospital project in Manchester. Mowlem came second in the contractors' league after it won a mixed use scheme in Strathclyde. | ||
| 590 | _aWB | ||
| 590 | _aWB | ||
| 650 | _aCONTRACTORS` PERFORMANCE | ||
| 650 | _aBOVIS LEND LEASE | ||
| 650 | _aMOWLEM | ||
| 650 | _aMANCHESTER | ||
| 650 | _aSTRATHCLYDE | ||
| 690 | _aBUILDING AND CONSTRUCTION-CONTRACTS | ||
| 942 | _n0 | ||
| 999 |
_c118066 _d118066 |
||